000
00270nam a2200109Ia 4500
008
200302s9999 xx 000 0 und d
100
_a
Jonathan Bell
245
_a
21St Century Houses
260
_b
Laurence King Publishing Ltd, London
260
_c
2006
300
_a
256 P.,
999
_c
4533
_d
4533